Ecomics of Agricultural Development: world food systems and resource use (Record no. 5329)

MARC details
000 -LEADER
fixed length control field 00674nam a22002177a 4500
003 - CONTROL NUMBER IDENTIFIER
control field OSt
005 - DATE AND TIME OF LATEST TRANSACTION
control field 20161010173719.0
008 - FIXED-LENGTH DATA ELEMENTS--GENERAL INFORMATION
fixed length control field 161010b xxu||||| |||| 00| 0 eng d
020 ## - INTERNATIONAL STANDARD BOOK NUMBER
International Standard Book Number 9780415658232
040 ## - CATALOGING SOURCE
Transcribing agency DDC
082 ## - DEWEY DECIMAL CLASSIFICATION NUMBER
Classification number 338.9 NOR 2015
100 ## - MAIN ENTRY--PERSONAL NAME
Personal name Norton, George W.; Alwang, Jeffrey; Masters, William A.
9 (RLIN) 11169
245 ## - TITLE STATEMENT
Title Ecomics of Agricultural Development: world food systems and resource use
250 ## - EDITION STATEMENT
Edition statement 3rd ed.
260 ## - PUBLICATION, DISTRIBUTION, ETC. (IMPRINT)
Place of publication, distribution, etc. London; Routledge, 2015
300 ## - PHYSICAL DESCRIPTION
Extent ix,466p;ill: 24cm
504 ## - BIBLIOGRAPHY, ETC. NOTE
Bibliography, etc Glossary, references, & index included
650 ## - SUBJECT ADDED ENTRY--TOPICAL TERM
Topical term or geographic name as entry element Agricultural development
9 (RLIN) 11170
650 ## - SUBJECT ADDED ENTRY--TOPICAL TERM
Topical term or geographic name as entry element Agriculture development
9 (RLIN) 11171
942 ## - ADDED ENTRY ELEMENTS (KOHA)
Source of classification or shelving scheme Other/Generic Classification Scheme
Koha item type Book Bank
Holdings
Withdrawn status Lost status Source of classification or shelving scheme Damaged status Not for loan Home library Current library Date acquired Source of acquisition Inventory number Total Checkouts Full call number Barcode Date last seen Koha item type
    Dewey Decimal Classification     MUST Main Library MUST Main Library 10/10/2016 Purchase 16/39823   338.9 NOR 2015 2016-4692 10/10/2016 Open Shelf
    Dewey Decimal Classification     MUST Main Library MUST Main Library 10/10/2016 Purchase 16/39821   338.9 NOR 2015 2016-4693 10/10/2016 Open Shelf
    Dewey Decimal Classification     MUST Main Library MUST Main Library 10/10/2016 Purchase 16/39820   338.9 NOR 2015 2016-4694 10/10/2016 Open Shelf
    Dewey Decimal Classification     MUST Main Library MUST Main Library 10/10/2016 Purchase 16/39819   338.9 NOR 2015 2016-4695 10/10/2016 Open Shelf
    Dewey Decimal Classification     MUST Main Library MUST Main Library 10/10/2016 Purchase 16/39818   338.9 NOR 2015 2016-4696 10/10/2016 Open Shelf